书目信息 |
| 题名: |
权力风云
|
|
| 作者: | ;张显奎 译 ;美国时代生活丛书编辑部 著 | |
| 分册: | ||
| 出版信息: | 海口 海南出版社 2000 |
|
| 页数: | 213页 | |
| 开本: | 20cm | |
| 丛书名: | 第三帝国 | |
| 单 册: | ||
| 中图分类: | K516.44 | |
| 科图分类: | ||
| 主题词: | ||
| 电子资源: | ||
| ISBN: | 7-80645-963-4 | |
| 000 | 00948nam0 2200289 45 | |
| 001 | CAL 012001194030 | |
| 005 | 20031219104054.4 | |
| 010 | @a7-80645-963-4@dCNY25.00 | |
| 100 | @a20010411d2000 em y0chiy0121 ea | |
| 101 | 1 | @achi@ceng |
| 102 | @aCN@b460000 | |
| 105 | @aa z 000yy | |
| 106 | @ar | |
| 200 | 1 | @a权力风云@Aquan li feng yun@f时代生活丛书编辑著@g张显奎译 |
| 210 | @a海口@c海南出版社@d2000 | |
| 215 | @a213页@c图@d20cm | |
| 225 | 2 | @a第三帝国@Adi san di guo@d= The Third Reich@zeng |
| 311 | @a据Time Life Books 1990年版译出 | |
| 410 | 0 | @12001 @a第三帝国 |
| 454 | 1 | @12001 @aStorming to power |
| 517 | 1 | @a第三帝国@Adi san di guo |
| 607 | @a德意志第三帝国@Ade yi zhi di san di guo@x研究 | |
| 690 | @aK516.44@v4 | |
| 702 | 0 | @a张显奎@Azhang xian kui@4译 |
| 711 | 02 | @a美国时代生活丛书编辑部@Amei guo shi dai sheng huo cong shu bian ji bu@4著 |
| 801 | @aCN@bTSTC@c20020409 | |
| 905 | @b307949-953@dK516.44@e17:10@f5 | |
| 权力风云/时代生活丛书编辑著/张显奎译.-海口:海南出版社,2000 |
| 213页:图;20cm.-(第三帝国= The Third Reich) |
| 译自: |
| ISBN 7-80645-963-4:CNY25.00 |
| ● |
| 相关链接 |
|
|
|
|
正题名:权力风云
索取号:K516.44/17:10
 
预约/预借
| 序号 | 登录号 | 条形码 | 馆藏地/架位号 | 状态 | 备注 |
| 1 | 0307949 | 203079499 | 第二借阅区/ [索取号:K516.44/17:10] | 在馆 | |
| 2 | 0307950 | 203079505 | 第二借阅区/ [索取号:K516.44/17:10] | 在馆 | |
| 3 | 0307951 | 203079514 | 第二借阅区/ [索取号:K516.44/17:10] | 在馆 | |
| 4 | 0307952 | 203079523 | 第二借阅区/ [索取号:K516.44/17:10] | 在馆 | |
| 5 | 0307953 | 203079532 | 第二样本阅览室/ [索取号:K516.44/17:10] | 在馆 |